| Поле | Название | Значение |
| |
Тип записи |
a |
| |
Библиографический уровень |
m |
| 001 |
Контрольный номер |
a9001bb4a3fe4a9a9be4e39591db9d45 |
| 005 |
Дата корректировки |
20140602145703.2 |
| 010 |
Индекс ISBN |
__ |
| a |
ISBN |
978-5-91536-001-2 |
| 101 |
Язык документа |
0_ |
| a |
Язык текста |
rus |
| 102 |
Страна публикации |
__ |
| a |
Страна публикации |
RU |
| 200 |
Заглавие и сведения об ответственности |
1_ |
| a |
Заглавие |
Методические рекомендации по организации сельскохозяйственных потребительских обслуживающих кооперативов (по производственно-технологическим услугам в АПК) |
| f |
Первые сведения об ответственности |
М-во сельского хоз-ва РФ, ФГУ РЦСК, ГОСНИТИ |
| g |
Последующие сведения об ответственности |
рец. А. В. Ткач |
| 210 |
Выходные данные |
1_ |
| c |
Издательство |
ФГУ РЦСК |
| a |
Место издания |
Москва |
| d |
Дата издания |
2007 |
| 215 |
Физическое описание |
__ |
| a |
Объем |
86 с. |
| 225 |
Серия |
2_ |
| a |
Серия |
Б-чка "В помощь консультанту" |
| 610 |
Ключевые слова |
0_ |
| a |
Ключевые слова |
методические рекомендации |
| 610 |
Ключевые слова |
0_ |
| a |
Ключевые слова |
сельскохозяйственная кооперация |
| 610 |
Ключевые слова |
0_ |
| a |
Ключевые слова |
АПК |
| 610 |
Ключевые слова |
0_ |
| a |
Ключевые слова |
обслуживающие кооперативы |
| 610 |
Ключевые слова |
0_ |
| a |
Ключевые слова |
сельскохозяйственный обслуживающий потребительский кооператив |
| 610 |
Ключевые слова |
0_ |
| a |
Ключевые слова |
устав кооператива |
| 610 |
Ключевые слова |
0_ |
| a |
Ключевые слова |
услуги |
| 610 |
Ключевые слова |
0_ |
| a |
Ключевые слова |
производственно-технологические работы |
| 610 |
Ключевые слова |
0_ |
| a |
Ключевые слова |
переработка продукции |
| 610 |
Ключевые слова |
0_ |
| a |
Ключевые слова |
сбыт |
| 610 |
Ключевые слова |
0_ |
| a |
Ключевые слова |
информационные услуги |
| 610 |
Ключевые слова |
0_ |
| a |
Ключевые слова |
снабжение техникой |
| 686 |
Индексы других классификаций |
__ |
| a |
Классификационный индекс |
65.9(2)321.88 |
| 2 |
Код системы |
rubbk |
| 702 |
Вторичная интеллектуальная ответственность |
_1 |
| a |
Фамилия |
Ткач |
| b |
Имя |
А. В. |
| y |
|
ДА |
| 4 |
Код отношения |
675 |
| 711 |
Наименование организации. (Альтернативная ответственность) |
02 |
| a |
Организация/ юрисдикция |
М-во сельского хоз-ва РФ |
| 711 |
Наименование организации. (Альтернативная ответственность) |
02 |
| a |
Организация/ юрисдикция |
ФГУ РЦСК |
| 711 |
Наименование организации. (Альтернативная ответственность) |
02 |
| a |
Организация/ юрисдикция |
ГОСНИТИ |
| 801 |
Источник записи |
_0 |
| a |
Страна |
RU |
| b |
Организация |
РУК |
| c |
Дата составления |
20080517 |
| g |
Правила каталогизации |
PSBO |
| 801 |
Источник записи |
_1 |
| a |
Страна |
RU |
| b |
Организация |
РУК |
| c |
Дата составления |
20080517 |
| g |
Правила каталогизации |
PSBO |
| 852 |
Данные о местонахождении |
__ |
| j |
Шифр хранения |
ББК 65.9(2)32 |
| i |
Авторский знак |
М 54 |
| 901 |
Тип документа |
__ |
| t |
Тип документа |
m |
| 912 |
Принадлежность преподавателя к РУК |
__ |
| a |
Принадлежность преподавателя к РУК |
Преподаватель Головного вуза |
| 938 |
Служебная информация |
__ |
| a |
Название организации |
Головной вуз |
| b |
Имя БД |
BOOK |
| c |
Название АИБС |
АИБС ИРБИС |